Movie By Composer and Actor - Statistics

General Stats
  • This quiz has been taken 36 times
  • The average score is 5 of 9
Answer Stats
Composer Actor Movie % Correct
John Williams Harrison Ford Raiders of the Lost Ark
93%
Ray Parker Jr. Bill Murray Ghostbusters
70%
Nino Rota/Carlo Savina Marlon Brando The Godfather
70%
Artie Kane Tom Cruise Mission: Impossible
53%
Bernard Hermann/ Joel McNeely/Royal Scottish National Orchestra Anthony Perkins Psycho
53%
John Barry Sean Connery James Bond
50%
Jack Nitzsche Jack Nicholson One Flew Over the Cuckoo's Nest
50%
Klaus Badelt Johnny Depp Pirates of the Carribean
30%
Harold Faltermeyer Chevy Chase Fletch
27%
No matching quizzes found
Score Distribution
Percent of People with Each Score
Percentile by Number Answered
Your Score History
You have not taken this quiz